Normal view
MARC view
- Women and the military
Entry Topical Term
001 - CONTROL NUMBER
- control field: 104776
003 - CONTROL NUMBER IDENTIFIER
- control field: NUST
005 - DATE AND TIME OF LATEST TRANSACTION
- control field: 20221213171422.0
008 - FIXED-LENGTH DATA ELEMENTS
- fixed length control field: 221213|| aca||aabn | a|a d
040 ## - CATALOGING SOURCE
- Original cataloging agency: NUST
- Transcribing agency: NUST
150 ## - HEADING--TOPICAL TERM
- Topical term or geographic name entry element: Women and the military
670 ## - SOURCE DATA FOUND
- Source citation: Work cat.: (NUST)0: Enloe, Cynthia H., 1938- 104775, Globalization and militarism :, c2007.
